=LDR 00000nam 2200000 4500 =001 INLIS000000000018268 =005 20130612113441 =008 ***********************************Ind** =035 ##$$0010-061300000018268 =041 ##$$a Ind =082 ##$$a 639.3 =090 ##$$a 639.3, Muj b =100 ##$$a Mujiman, Ahmad =245 ##$$a Budidaya udang putih, Ahmad Mujiman =260 ##$$a 1982 $b Probolinggo =300 ##$$a 43 hlm, ilus, 21 cm =650 ##$$a Udang-Budidaya =850 ##$$a NBPNMAT =990 ##$$a 0001/BPAP-NTB/2016